000 00488nam a2200181Ia 4500
005 20250326124610.0
008 250326s9999 xx 000 0 und d
037 _aTextbook
040 _aFMSL
_beng
_cFMSL
041 _aeng
_2eng
084 _aX:8 L9
_qFMSL
100 _aKast F E
_9386087
245 0 _aOrganization and management
_cKast F E; Rosenzweig J E
260 _aNY
_bNY, McGraw-Hill
_c1979
300 _a644p
942 _cTB
_hX:8 L9
999 _c1274329
_d1274329